Online
Catalog

Una satrapía en el Caribe / (Record no. 50548)

MARC details
000 -CABECERA
campo de control de longitud fija 01675nam a22003137a 4500
001 - NÚMERO DE CONTROL
campo de control 000000566
003 - IDENTIFICADOR DEL NÚMERO DE CONTROL
campo de control DO-SdBNP
005 - FECHA Y HORA DE LA ÚLTIMA TRANSACCIÓN
campo de control 20250506100337.0
007 - CAMPO FIJO DE DESCRIPCIÓN FÍSICA--INFORMACIÓN GENERAL
campo de control de longitud fija ta
008 - DATOS DE LONGITUD FIJA--INFORMACIÓN GENERAL
campo de control de longitud fija 210916b 2015 dr 00| 0 eng d
020 ## - NÚMERO INTERNACIONAL ESTÁNDAR DEL LIBRO
Número Internacional Estándar del Libro 9789945410211
040 ## - FUENTE DE LA CATALOGACIÓN
Centro catalogador/agencia de origen DO-SdBNP
Lengua de catalogación spa
Centro/agencia transcriptor BNPHU
082 #4 - NÚMERO DE LA CLASIFICACIÓN DECIMAL DEWEY
Número de clasificación BNPHU 972.93053
Número de documento/Ítem A451u, 2015
100 1# - ENTRADA PRINCIPAL--NOMBRE DE PERSONA
Nombre de persona Almoina, José,
Fechas asociadas al nombre 1903-1960
9 (RLIN) 1865
245 10 - MENCIÓN DE TÍTULO
Título Una satrapía en el Caribe /
Mención de responsabilidad, etc. José Almoina ; prólogo Orlando Inoa
260 ## - PUBLICACIÓN, DISTRIBUCIÓN, ETC.
Lugar de publicación, distribución, etc. Santo Domingo :
Nombre del editor, distribuidor, etc. Letra Gráfica,
Fecha de publicación, distribución, etc. 2015.
300 ## - DESCRIPCIÓN FÍSICA
Extensión 415 p. ;
Dimensiones 18 cm.
490 ## - MENCIÓN DE SERIE
Mención de serie Vintage books
500 ## - NOTA GENERAL
Nota general Incluye datos biográficos del autor en las solapas
504 ## - NOTA DE BIBLIOGRAFÍA, ETC.
Nota de bibliografía, etc. Incluye referencias bibliográficas y notas al pie de las páginas
505 0# - NOTA DE CONTENIDO CON FORMATO
Título Presentación a la edición dominicana --
-- Aclaración importante --
-- Dedicatoria --
-- Advertencia indispensable --
-- La familia de Trujillo --
-- La familia de Chapita --
-- Los que rodean al sátrapa: alcahuetes, bufones, lacayos y aduladores --
-- Tretas de que se valió el megalomaníaco Trujillo para captar el poder --
-- ¿Cómo se sostiene el sátrapa? --
-- La ferocidad más que neroniana del mulato Chapita --
-- Inexistencia de los poderes legislativo y judicial y trasiegos burocráticos --
-- Un régimen monopolista --
-- La política internacional del tirano --
-- Documentos y noticias corroborantes --
-- Índice onomástico.
590 ## - NOTA LOCAL (RLIN)
Nota local Inventariado, 2021/BT
600 10 - PUNTO DE ACCESO ADICIONAL DE MATERIA--NOMBRE DE PERSONA
Nombre de persona Trujillo Molina, Rafael Leónicas,
Fechas asociadas al nombre 1891-1961
9 (RLIN) 87653
651 14 - PUNTO DE ACCESO ADICIONAL DE MATERIA--NOMBRE GEOGRÁFICO
Nombre geográfico República Dominicana
Subdivisión general Política y gobierno
Subdivisión cronológica Era de Trujillo, 1930-1961
9 (RLIN) 1374
700 1# - PUNTO DE ACCESO ADICIONAL--NOMBRE DE PERSONA
Nombre de persona Inoa, Orlando
Término indicativo de función/relación pról.
9 (RLIN) 5784
830 #0 - PUNTO DE ACCESO ADICIONAL DE SERIE-TÍTULO UNIFORME
Número de parte o sección de la obra Vintage books
9 (RLIN) 79924
910 ## - DATOS DE OPCIÓN DEL USUARIO (OCLC)
Datos de opción del usuario Btavárez
942 ## - ELEMENTOS DE PUNTO DE ACCESO ADICIONAL (KOHA)
Fuente del sistema de clasificación o colocación Dewey Decimal Classification
Tipo de ítem Koha Libro
Holdings
Estado de retiro Estado de pérdida Fuente del sistema de clasificación o colocación No para préstamo Código de colección Localización permanente Ubicación/localización actual Ubicación en estantería Fecha de adquisición Fuente de adquisición Total de préstamos Signatura topográfica completa Código de barras Fecha visto por última vez Precio válido a partir de Tipo de ítem Koha Número de copia
    Dewey Decimal Classification Excluido de préstamo Monografías: Libros y Folletos Biblioteca Nacional Pedro Henríquez Ureña Patrimonio Dominicano Depósito 16.09.2021 Compra   BNPHU PD 972.93053 A451u, 2015 2021-26689 16.09.2021 16.09.2021 Libro  
    Dewey Decimal Classification Excluido de préstamo Monografías: Libros y Folletos Biblioteca Nacional Pedro Henríquez Ureña Patrimonio Dominicano Depósito 16.09.2021 Compra   BNPHU PD 972.93053 A451u, 2015 2021-26690 16.09.2021 16.09.2021 Libro e.2

Powered by Koha